00630nam a2200193Ia 4500003000900000008004100009020001800050040001600068080001600084100002300100245009300123260003700216300001000253650001800263650004100281942000700322999001500329952009200344IN-BaIIA211028s9999 xx 000 0 eng d a2-86332-015-7 cIIA Library a524.85bTHE aAudouze, J.911166 4aThe birth of the universecJ. Audouze  aFrancebEditions Frontiersc1982 a395p. aAstronomy980 aAstronomy and astrophysics thesaurus cBK c8077d8077 00104070aBANbBANcGENd1985-01-25l0o524.85/ THEp8912r2021-11-05w1985-01-25yBK